Privacy in Early Modern Egodocuments : Personal Lives in Historical Perspective /
In early modern Europe, literacy was on the rise, and it became possible to reflect on one's own life and secrets in private notes, letters to family and friends, as well as dairies, memoirs, and travelogues. Privacy in Early Modern Egodocuments: Personal Lives in Historical Perspective combine...
Other Authors: , ,
Format: eBook
Language: English
Published:
Leiden ; Boston :
Brill,
2026.
Series:
Early Modern History and Modern History E-Books online, Collection 2026.
Studies in the History of Privacy ;
1.
Subjects:
Online Access: Login to view Source
Tags: Add Tag
Call Number: NA105
| LEADER | 05182nam a22005178i 4500 | ||
|---|---|---|---|
| 001 | BRILL9789004749849 | ||
| 003 | nllekb | ||
| 005 | 20260324115023.0 | ||
| 006 | m d | ||
| 007 | cr un uuuua | ||
| 008 | 251205s2026 gw sb 001 0 eng d | ||
| 020 | |a 9789004749849 |q (electronic book) | ||
| 020 | |z 9789004693104 |q (print) | ||
| 024 | 7 | |a 10.1163/9789004749849 |2 DOI | |
| 040 | |a NL-LeKB |c NL-LeKB |e rda | ||
| 041 | |a eng | ||
| 050 | 4 | |a NA105 | |
| 072 | 7 | |a HBJD |2 bicssc | |
| 072 | 7 | |a HIS |x 010000 |2 bisacsh | |
| 082 | 0 | 4 | |a 900 |2 23 |
| 245 | 0 | 0 | |a Privacy in Early Modern Egodocuments : |b Personal Lives in Historical Perspective / |c edited by Michael Green, Joanna Orzeł and Anna Kowalcze-Pawlik. |
| 246 | 3 | |a Personal Lives in Historical Perspective | |
| 264 | 1 | |a Leiden ; |a Boston : |b Brill, |c 2026. | |
| 264 | 4 | |c ©2026 | |
| 300 | |a 1 online resource (304 pages) : |b illustrations. | ||
| 336 | |a text |b txt |2 rdacontent | ||
| 337 | |a computer |b c |2 rdamedia | ||
| 338 | |a online resource |2 rdacarrier | ||
| 490 | 1 | |a Early Modern History and Modern History E-Books online, Collection 2026 | |
| 490 | 1 | |a Studies in the History of Privacy ; |v 1 | |
| 504 | |a Includes bibliographical references and index. | ||
| 505 | 0 | |t Foreword to the Series -- List of Illustrations -- Notes on Contributors -- Privacy, Private Lives, and Egodocumental Research -- Michael Green, Joanna Orzeł and Anna Kowalcze-Pawlik -- 1 Looking for Early Modern Egodocuments as Sources for Privacy Research in the Archives: Some Observations -- Michael Green -- 2 Intimacy as Mutual Knowledge: an Exploration of Privacy through French Personal Writings during the Early Modern Period -- François-Joseph Ruggiu -- 3 The Making of a Hero: Virginia Narratives of John Smith ( bap . 158, d. 1631) and the Subtle Use of Privacy as a Tool to Promote Himself -- Jakub Basista -- 4 (De)Constructing Privacy, Describing Diplomatic Ties: Representations of Elizabeth I in Central European Egodocuments -- Anna Kowalcze-Pawlik -- 5 Lawsuits and Egodocuments on Sexual Intimacy in Early Modern Bilbao -- Nere Jone Intxaustegi Jauregi -- 6 "Emotions" of a Parent during the Struggles of War: Lew Sapieha's Private Relationship with His Son Jan Stanisław in Letters from 1626 -- Aleksandra Ziober -- 7 The Privacy of Princesses and Princes: Relations between Members of the Saxon House of Wettin in the Mid-Eighteenth Century -- Katarzyna Kuras -- 8 Privacy and Publicity in Early Modern Alba Amicorum from Central Europe -- Robert T. Tomczak -- 9 Privacy in the Last Will Acts of Vilnius Bourgeois Women from the First Half of the Eighteenth Century: Study of Selected Cases -- Bernadetta Manyś -- 1 The Emergence of Privacy: Motivations and Self-Expression in Polish Noblewomen's Diaries and Memoirs in the Late Eighteenth and Early Nineteenth Centuries -- Joanna Orzeł -- 11 Bluestockings and Their Spaces of Privacy in Conversation and in Writing: the Case of Mary Hamilton (1756-1816) -- Nataliia Voloshkova -- 12 Public Duty and Private Life in Michael Conrad von Heydendorff's (173-1821) Autobiography and Georg Michael Gottlieb von Herrmann's (1737-187) Curriculum Vitae -- András Bándi -- Index locorum -- Index nominum. | |
| 520 | |a In early modern Europe, literacy was on the rise, and it became possible to reflect on one's own life and secrets in private notes, letters to family and friends, as well as dairies, memoirs, and travelogues. Privacy in Early Modern Egodocuments: Personal Lives in Historical Perspective combines historical research with an analysis of personal narratives from Eastern, Central, and Western Europe (also in the global context) to discuss what privacy meant at a time of political and social turmoil. The contributions explore personal writing by elite figures, as well as non-elite groups and marginalised voices, in a detective-like fashion, bringing into focus narratives that have long been overlooked in traditional historical studies. The authors offer insights into the evolution of the concept of privacy as well as the use of egodocuments as a vital resource for understanding individual and collective memory, particularly as shaped by the region's dynamic history. Contributors are: Andras Bandi, Jakub Basista, Michael Green, Nere Jone Intxaustegi Jauregi, Anna Kowalcze-Pawlik, Katarzyna Kuras, Bernadetta Manyś, Joanna Orzeł, François-Joseph Ruggiu, Robert T. Tomczak, Nataliia Voloshkova, and Aleksandra Ziober. | ||
| 546 | |a English | ||
| 588 | |a Description based on print version record. | ||
| 650 | 0 | 0 | |a Early Modern History. |
| 650 | 0 | 0 | |a History. |
| 650 | 0 | 0 | |a Intellectual History. |
| 700 | 1 | |a Green, Michael, |e editor. | |
| 700 | 1 | |a Kowalcze-Pawlik, Anna, |e editor. | |
| 700 | 1 | |a Orzeł, Joanna, |e editor. | |
| 776 | 0 | 8 | |i Print version: |t Privacy in Early Modern Egodocuments : Personal Lives in Historical Perspective. |d Leiden ; Boston : BRILL,2026. |z 9789004693104 |w (OCoLC)1543502185 |
| 830 | 0 | |a Early Modern History and Modern History E-Books online, Collection 2026. | |
| 830 | 0 | |a Studies in the History of Privacy ; |v 1. | |
| 856 | 4 | |z DOI: |u http://dx.doi.org/10.1163/9789004749849 | |
| 999 | |c 61947 |d 61947 | ||
